[Event "Club Championships"]
[Site "Wellington Chess Club"]
[Date "2016.11.10"]
[Round "10"]
[White "Zhao, Aiden"]
[Black "Konakanchi, Karthik"]
[Result "0-1"]
[WhiteElo "1289"]
[BlackElo "1484"]

1. e4 e5 2. Nf3 Nc6 3. Bc4 Bc5 4. Nc3 Nf6 5. d3 O-O 6. Bg5 d6 7. Nd5 Bg4 8.
Bxf6 gxf6 9. h3 Bh5 10. g4 Bg6 11. Qd2 Nd4 12. Nxd4 Bxd4 13. O-O-O c6 14. Nb4
Qb6 15. f3 Be3 16. a3 Bxd2+ 17. Rxd2 a5 18. Na2 Qe3 19. Rf1 b5 20. Kd1 bxc4 21.
dxc4 Rab8 22. Rd3 Qc5 23. b3 Qxa3 24. Nc3 Rfd8 25. Kd2 d5 26. Rb1 dxe4 27. fxe4
Rxd3+ 28. cxd3 Rxb3 29. Rxb3 Qxb3 30. h4 Qb2+ 0-1

[Event "Club Championships"]
[Site "Wellington Chess Club"]
[Date "2016.11.10"]
[Round "10"]
[White "Zhao, Jeffrey"]
[Black "Kibblewhite, Daniel"]
[Result "0-1"]
[WhiteElo "980"]
[BlackElo "1418"]

1. e4 e6 2. Nf3 d5 3. Nc3 Nf6 4. Bd3 Bb4 5. a3 Bxc3 6. bxc3 dxe4 7. Bb5+ c6 8.
Be2 exf3 9. Bxf3 O-O 10. O-O Nbd7 11. d3 Ne5 12. Be4 Nxe4 13. dxe4 Qxd1 14.
Rxd1 Bd7 15. Bf4 Ng6 16. Bd6 Rfd8 17. Bc7 Nf8 18. Bxd8 Rxd8 19. Rdb1 b6 20. c4
c5 21. a4 Bc6 22. h3 Bxe4 23. Rc1 Rd4 24. Rd1 Rxc4 25. g4 Rxc2 26. Rd8 Bd5 27.
Rc8 Ra2 28. Rxa2 Bxa2 29. Ra8 a5 30. Rb8 Bb3 31. Rxb6 Bxa4 32. Ra6 Bb3 33. Rxa5
c4 34. Rc5 g6 35. h4 Nd7 36. Rc8+ Kg7 37. Rc7 Nf6 38. g5 Ne4 39. Ra7 c3 40. Ra3
c2 41. Ra1 Nc5 42. Rc1 Nd3 43. Kf1 Nxc1 0-1

[Event "Club Championships"]
[Site "Wellington Chess Club"]
[Date "2016.11.17"]
[Round "11"]
[White "Croad, Nicolas"]
[Black "Wastney, Scott"]
[Result "1/2-1/2"]
[WhiteElo "2429"]
[BlackElo "2448"]

1. d4 f5 2. Nf3 Nf6 3. Bg5 e6 4. g3 d5 5. c4 Bb4+ 6. Nc3 h6 7. Bxf6 Qxf6 8.
Qa4+ Nc6 9. Ne5 Bd7 10. Nxd7 Qxd4 11. Qc2 Qxc4 12. O-O-O Bxc3 13. bxc3 Kxd7 14.
e4 Qxe4 15. Bd3 Qg4 16. Rhe1 Rae8 17. Bb5 Kc8 18. f4 a6 19. Bxc6 bxc6 20. c4
Kd7 21. Rd3 Rb8 22. cxd5 exd5 23. Qc5 Rb6 24. Rxd5+ Kc8 25. Re7 Qf3 26. Rdd7
Qf1+ 27. Rd1 Rb1+ 28. Kxb1 Qxd1+ 29. Kb2 Rd8 30. Qxc6 Rd2+ (30... Qd2+ 31. Qc2
(31. Ka3 Rd3+ 32. Ka4 Qxa2+ 33. Kb4 Qa3+ 34. Kc4 Qc3#)  (31. Ka1 Qd4+ 32. Kb1
Qb4+ 33. Kc1 Qa3+ 34. Kc2 Qxa2+ 35. Kc1 Qa1+ 36. Kc2 Qd1+ 37. Kb2 Rd2+ 38. Ka3
Rd3+ 39. Kb2 (39. Kb4 Qb1+ 40. Kc5 Qc1+ 41. Kb4 Qa3+ 42. Kc4 Qc3#) 39... Rb3+
40. Ka2 Qb1#) 31... Qb4+ 32. Ka1 Qxe7) 31. Ka3 Rd3+ 32. Kb2 Qd2+ 33. Ka1 Qd1+
34. Kb2 Rd2+ 35. Ka3 Rd3+ 36. Kb2 1/2-1/2

[Event "Club Championships"]
[Site "Wellington Chess Club"]
[Date "2016.11.17"]
[Round "11"]
[White "Dixon, Hamish"]
[Black "Baker, Jack"]
[Result "1-0"]
[WhiteElo "1648"]
[BlackElo "1619"]

1. e4 e5 2. Nf3 Nc6 3. d4 exd4 4. Nxd4 Bc5 5. Be3 Qf6 6. c3 Nge7 7. Be2 O-O 8.
O-O Ne5 9. f4 N5g6 10. Nd2 Nc6 11. e5 Ncxe5 12. Ne4 Qe7 13. Nxc5 Qxc5 14. fxe5
Qxe5 15. Qd2 Re8 16. Rf3 c5 17. Nb3 b6 18. Bd3 Bb7 19. Bf4 Nxf4 20. Rxf4 Bxg2
21. Kxg2 d5 22. Rf5 Qe3 23. Bb5 Re4 24. Qxe3 Rxe3 25. Rxd5 a6 26. Bc6 Rb8 27.
Rad1 g6 28. Rd8+ Kg7 29. Rxb8 1-0

[Event "Club Championships"]
[Site "Wellington Chess Club"]
[Date "2016.11.17"]
[Round "11"]
[White "Jackson, Ross"]
[Black "Ker, Anthony"]
[Result "0-1"]
[WhiteElo "2067"]
[BlackElo "2461"]

1. e4 d6 2. d4 Nf6 3. Nc3 g6 4. Nf3 Bg7 5. Be2 O-O 6. h3 a6 7. O-O b5 8. Bd3 e6
9. Bg5 h6 10. Be3 Bb7 11. Nd2 Nbd7 12. Ne2 c5 13. c3 Rc8 14. Rc1 Rc7 15. f3 Qe7
{Some of this is pure guesswork. Black won in 37 moves} 0-1

[Event "Club Championships"]
[Site "Wellington Chess Club"]
[Date "2016.11.17"]
[Round "11"]
[White "Kulkarni, Yogesh"]
[Black "Farrington, Lawrence"]
[Result "1/2-1/2"]
[WhiteElo "1986"]
[BlackElo "1811"]

1. c4 e5 2. Nc3 Nf6 3. Nf3 Nc6 4. g3 d5 5. cxd5 Nxd5 6. d3 Be7 7. Bg2 Nb6 8.
O-O O-O 9. a3 Be6 10. b4 a5 11. b5 Nd4 12. Nxd4 exd4 13. Na4 Bd5 14. Nxb6 cxb6
15. Bh3 Be6 16. Bg2 Bd5 17. a4 Bxg2 18. Kxg2 Qd5+ 19. Kg1 Rac8 1/2-1/2

[Event "Club Championships"]
[Site "Wellington Chess Club"]
[Date "2016.11.17"]
[Round "11"]
[White "List, Robert"]
[Black "Brockway, Andrew"]
[Result "0-1"]
[WhiteElo "1794"]
[BlackElo "1801"]

1. e4 c5 2. Bd3 Nc6 3. c3 d5 4. Nf3 Bg4 5. h3 Bh5 6. g4 Bg6 7. Qe2 dxe4 8. Bxe4
Bxe4 9. Qxe4 Nf6 10. Qe2 e6 11. d3 Be7 12. Be3 Qd7 13. Nbd2 Nd5 14. O-O-O O-O-O
15. Nc4 Qc7 16. Bd2 Rhe8 17. g5 Nf4 18. Qe4 Nxd3+ 19. Kb1 Nxf2 20. Qxh7 Nxh1
21. Rxh1 Bf8 22. Qe4 Qd7 23. Bf4 Qd3+ 24. Qxd3 Rxd3 25. Nfe5 Nxe5 26. Nxe5 Rd5
27. Nxf7 Rf5 28. Nd6+ Bxd6 29. Bxd6 Rd8 30. Be7 Rd7 0-1

[Event "Club Championships"]
[Site "Wellington Chess Club"]
[Date "2016.11.17"]
[Round "11"]
[White "Nyberg, Michael"]
[Black "Dive, Russell"]
[Result "0-1"]
[WhiteElo "2085"]
[BlackElo "2440"]

1. d4 Nf6 2. c4 c5 3. d5 d6 4. g3 a6 5. b4 cxb4 6. Qa4+ Nbd7 7. Qxb4 b5 8. Bg2
Rb8 9. cxb5 Rxb5 10. Qd2 g6 11. Nc3 Rb8 12. Nf3 Bg7 13. Nd4 Bb7 14. Rb1 O-O 15.
O-O Qc7 16. e4 Ne5 17. Rd1 Rfe8 18. Na4 Nfd7 19. Bf1 Nc5 20. Nb2 Nxe4 21. Qf4
Nc3 22. Bh3 Nxb1 0-1

[Event "Club Championships"]
[Site "Wellington Chess Club"]
[Date "2016.11.17"]
[Round "11"]
[White "Rossiter, Philip"]
[Black "Coghini, Phillip"]
[Result "1-0"]
[WhiteElo "1897"]
[BlackElo "1872"]

1. Nf3 Nf6 2. c4 g6 3. Nc3 d5 4. cxd5 Nxd5 5. d4 Nxc3 6. bxc3 Bg7 7. e4 c5 8.
Be3 Nc6 9. Qd2 Qa5 10. Rd1 Bg4 11. Be2 Rd8 12. O-O Bxf3 13. Bxf3 cxd4 14. cxd4
Qxd2 15. Rxd2 Nxd4 16. Bxd4 Bxd4 17. Rb1 b6 18. e5 O-O 19. Rbd1 Bxf2+ 20. Kxf2
Rxd2+ 21. Rxd2 Rc8 22. Ke3 Rc5 23. Kd4 e6 24. Be4 Ra5 25. Rc2 Ra4+ 26. Ke3 Ra5
27. Kf4 g5+ 28. Kxg5 Rxe5+ 29. Kf6 Rc5 30. Rxc5 bxc5 1-0

[Event "Club Championships"]
[Site "Wellington Chess Club"]
[Date "2016.11.17"]
[Round "11"]
[White "Sellen, Ian"]
[Black "Barraza, Jesse"]
[Result "1/2-1/2"]
[WhiteElo "2064"]
[BlackElo "1957"]

1. c4 f5 2. g3 e5 3. Bg2 Nf6 4. Nc3 Nc6 5. e3 d6 6. Nge2 Be7 7. O-O O-O 8. d3
Bd7 9. Rb1 a5 10. a3 Qe8 11. Nd5 Nxd5 12. Bxd5+ Kh8 13. Nc3 Nd8 14. Bf3 c6 15.
b4 axb4 16. axb4 Ne6 17. d4 e4 18. Bg2 Qg6 19. f3 exf3 20. Bxf3 Ng5 21. Bh5 Qh6
22. e4 g6 23. Be2 Qh3 24. Rf4 Nxe4 25. Nxe4 fxe4 26. Bf1 Qh5 27. Be2 Qh3 28.
Bf1 Qh5 1/2-1/2

[Event "Club Championships"]
[Site "Wellington Chess Club"]
[Date "2016.11.17"]
[Round "11"]
[White "Sole, Michael"]
[Black "Austin, Tama"]
[Result "1-0"]
[WhiteElo "1637"]
[BlackElo "1539"]

1. e4 d5 2. exd5 Qxd5 3. Nf3 Nf6 4. d4 Bg4 5. Be2 c6 6. Be3 e6 7. O-O Qd8 8. c4
Nbd7 9. Nc3 Nb6 10. Qb3 Qc7 11. Rad1 Be7 12. Ne5 Bxe2 13. Nxe2 O-O 14. Bf4 Qc8
15. Qc2 c5 16. b3 cxd4 17. Nxd4 a6 18. Qe2 Rd8 19. Ndf3 Nbd7 20. Nxf7 Nf8 21.
Nxd8 Bxd8 22. Bd6 N6d7 23. Bxf8 Nxf8 24. Rd3 Bf6 25. Rfd1 Qe8 26. Ne5 Bxe5 27.
Qxe5 Qe7 28. Qd6 Qf7 29. h3 h6 30. Rf3 Qg6 31. Qd3 Qe8 32. Rg3 Rc8 33. Qe3 Kh8
34. Qe5 Qe7 35. Qd6 Qf7 36. Rf3 Qe8 37. Rd4 Rc6 38. Qxf8+ 1-0

[Event "Club Championships"]
[Site "Wellington Chess Club"]
[Date "2016.11.17"]
[Round "11"]
[White "Stracy, Don"]
[Black "Forlong-Ford, Colwyn"]
[Result "1-0"]
[WhiteElo "1748"]
[BlackElo "1726"]

1. e4 e5 2. Nf3 Nc6 3. Bb5 Nf6 4. O-O Bc5 5. c3 Ne7 6. d4 exd4 7. cxd4 Bb6 8.
Nc3 O-O 9. Bg5 Ne8 10. Nd5 f6 11. Nxb6 axb6 12. Bf4 d5 13. exd5 Nxd5 14. Bc4 b5
15. Bb3 Bg4 16. h3 Bh5 17. Qd3 Bf7 18. Bg3 c6 19. Rfe1 Nec7 20. Nd2 Nb4 21.
Bxf7+ Rxf7 22. Qb3 Nbd5 23. Re2 Re7 24. Rae1 Kh8 25. Rxe7 Nxe7 26. Bxc7 Qxc7
27. Qf7 Nd5 28. Re8+ 1-0

[Event "Club Championships"]
[Site "Wellington Chess Club"]
[Date "2016.11.17"]
[Round "11"]
[White "Timergazi, Layla"]
[Black "Nijman, Brian"]
[Result "0-1"]
[WhiteElo "2105"]
[BlackElo "2206"]

1. d4 e6 2. c4 f5 3. Nc3 Bb4 4. g3 Nf6 5. Bg2 O-O 6. Nf3 d6 7. O-O Bxc3
{[otherwise, the knight can move and the bishop chased]} 8. bxc3 Nbd7 9. Nd2 e5
10. e4 fxe4 11. Nxe4 Nxe4 12. Bxe4 Nf6 13. Bg2 Be6 14. Qe2 Qd7 15. Bxb7 (15.
dxe5 dxe5 16. Bg5 Rae8 17. Rfd1 {[is slightly better for White]} ) 15... Rae8
{!? [involves a pawn sacrifice, as per the game]} 16. d5 (16. dxe5 Bg4 {[is
equal, but I would rather be Black]}  (16... c6 17. exf6 Bh3 18. Be3 Bxf1 19.
Rxf1 Qxb7 20. fxg7 Qxg7 21. Rd1 {!} 21... Re6 {=} ) ) 16... Bh3 17. Bc6 Bxf1
18. Qxf1 Qf5 19. Bxe8 Rxe8 20. Be3 Rb8 21. Bxa7 (21. c5) 21... Rb2 {?!}  (21...
Ra8 {!} 22. Be3 Qc2 23. a4 Ng4 24. Qc1 Qb3 25. h3 Nxe3 26. Qxe3 Qxc4 27. a5 Qb5
28. c4 {!} 28... Qxc4 29. Qd2 {[White is slightly better]} ) 22. a4 (22. Qc1 {!
[challenges Black's bind on the position, after which Black has to play very
carefully to avoid losing by force - oddly enough, I thought of this move the
next morning on the way to work]} 22... Rc2 23. Qb1 h5 24. a4 Qe4 25. h4 Qe2
26. a5 Rxc3 27. a6 Ng4 28. Qb8+ Kh7 29. Qb4 Qf3 30. Qb1+ e4 31. Qd1 Qxd1+ 32.
Rxd1 Ra3 33. Bb8 Rxa6 34. Bxc7 Nf6 35. Rb1) 22... Ne4 {[only move, and adequate
for equality]} 23. Be3 {[White has the simple plan of advancing the a-pawn, but
Black has sufficient tactical resources for equality]} 23... Nxc3 24. h4 (24.
a5 {?} 24... Ne2+ 25. Kg2 Qe4+ 26. Kh3 h5 27. Re1 Qxc4 28. a6 Qxa6) 24... Nxa4
{!} 25. c5 {[one of several moves that maintain equality, although White now
has to tread carefully]}  (25. Qc1 h5 26. c5 Rc2 27. Qb1 Nc3 28. Ra8+ Kh7 29.
Qb8 Ne2+ 30. Kh2 Nd4 31. Qg8+ Kg6 32. Rf8 Nf3+ 33. Kg2 Ne1+ 34. Kg1 Nf3+ {=} )
25... Nxc5 (25... Nc3 26. cxd6 Ne2+ 27. Kh2 cxd6 28. Ra8+ Kf7 29. Ra7+ Kg8 (
29... Kg6 {?!} 30. Qh3 Qxh3+ 31. Kxh3 Nc3 32. h5+ {!?} 32... Kf6 {[forced]} 33.
Rd7 Ne4 34. Kg4 Nxf2+ 35. Bxf2 Rxf2 36. Rxd6+ Kf7 37. Re6 Rd2 38. Rxe5 Kf6 39.
Rf5+ Ke7 {[White has nominal winning chances, but Black is holding just fine]}
) 30. Ra8+ {=} ) 26. Ra8+ {?!}  (26. Bxc5 dxc5 27. d6 {!} 27... cxd6 28. Qc4+
Kf8 29. Ra8+ Ke7 30. Ra7+ Kf8 31. Ra8+ {=} )  (26. Qc1 {[also maintains
equality, without forcing a draw]} 26... Rc2 27. Qb1 Nd7 28. Ra8+ Nf8 29. Rb8
Qd3 30. Rxf8+ Kxf8 31. Qb8+ Kf7 32. Qc8 Qd1+ 33. Kh2 Qf3 34. Qe6+ Kf8 35. Qc8+
{=} ) 26... Kf7 27. Qc4 {? [same idea as 26. Bxc5, but with crucial lose of
time]}  (27. Ra1 Nd3 {[with advantage]} ) 27... Rb1+ 28. Kg2 e4 {[winning, but
even stronger is}  (28... Nd3 {! ]} ) 29. Qe2 Nd3 30. Bd2 (30. g4 Qf4 {!!}  (
{[I was planning} 30... Qxd5 {[I was planning} 31. Ra7 {when} 31... h6 {keeps
White's king safe, with a winning position} ) 31. Ra7 (31. Bxf4 Nxf4+ 32. Kh2
Nxe2) 31... Rb2 32. Rxc7+ Ke8) 30... Qxd5 {?!}  (30... Ne5 31. g4 Rg1+ {!!}  (
31... Nxg4 32. Ra4 Nf6 {[Black is 2 pawns up, with a better position]} )  (
31... Qf3+ {[most natural and still winning]} 32. Qxf3+ exf3+ 33. Kh2 Nxg4+ 34.
Kg3 Nf6 35. Kxf3 Nxd5) 32. Kxg1 Nf3+ 33. Kf1 Qxg4 34. Qa6 Qh3+ {!!} 35. Ke2
Nd4+ 36. Ke1 (36. Kd1 Qb3+ 37. Ke1 Qb1+ 38. Bc1 Qxc1#) 36... Qh1+ 37. Qf1 Nc2+)
31. Ra5 c5 32. Qe3 {?}  (32. Ra7+ Rb7 (32... Ke8 {!} 33. Qg4 e3+ 34. f3 Nf4+
35. Qxf4 Qxd2+ 36. Kh3 Rh1+ 37. Kg4 Qb4) 33. Rxb7+ Qxb7 34. Qh5+ Ke6 {!}  (
34... Kf8 35. Qf5+ Kg8 36. Be3 d5 37. Qe6+ Kf8 38. Qf5+ Qf7 39. Qc8+ Ke7 40.
Bxc5+ Nxc5 41. Qxc5+ Ke6 42. Qc8+ {[the win for Black is a long way off]} ) 35.
Qe8+ Kd5 {[and Black walks away from the checks]} ) 32... Rb2 33. Ra7+ Kg8 34.
Rc7 Rxd2 0-1

[Event "Club Championships"]
[Site "Wellington Chess Club"]
[Date "2016.11.17"]
[Round "11"]
[White "Wight, Joshua"]
[Black "Cunningham, Patrick"]
[Result "0-1"]
[WhiteElo "1622"]
[BlackElo "1652"]

1. e4 c5 2. f4 g6 3. Nf3 Bg7 4. Nc3 Nc6 5. Bb5 Nd4 6. O-O Nxb5 7. Nxb5 c4 8.
Nc3 d6 9. h3 Nf6 10. d3 O-O 11. d4 d5 12. e5 Ne4 13. Nxe4 dxe4 14. Ng5 Bf5 15.
g4 h6 16. gxf5 hxg5 17. fxg5 Bxe5 18. dxe5 Qb6+ 19. Kh2 Rad8 20. Qe2 Qd4 21.
Bf4 gxf5 22. c3 Qd3 23. Qe3 e6 24. Qxa7 Qc2+ 25. Qf2 Qa4 26. Be3 Rd3 27. Bd4
Kg7 28. a3 Rf3 29. Qh4 Rh8 30. Qe1 Rhxh3+ 31. Kg1 Rfg3+ 32. Qxg3 Rxg3+ 33. Kh2
Rxg5 34. Rg1 Qc2+ 35. Kh3 Kg6 36. Rxg5+ Kxg5 37. Rg1+ Kh6 38. Rg2 Qd3+ 39. Rg3
Qf1+ 40. Kh4 Qh1+ 41. Rh3 Qe1+ 0-1

[Event "Club Championships"]
[Site "Wellington Chess Club"]
[Date "2016.11.24"]
[Round "12"]
[White "Baker, Jack"]
[Black "Stracy, Don"]
[Result "1/2-1/2"]
[WhiteElo "1619"]
[BlackElo "1748"]

1. e4 c5 2. d4 cxd4 3. c3 dxc3 4. Bc4 e6 5. Nf3 a6 6. O-O b5 7. Bb3 Bb7 8. Nxc3
Be7 9. Bf4 Nc6 10. Ne5 Nxe5 11. Bxe5 Nf6 12. Qf3 b4 13. Bxf6 Bxf6 14. Na4 d6
15. Qg4 Qe7 16. Bc2 g6 17. Nb6 Rd8 18. Nc4 Bg7 19. b3 {Doesn't make sense at
all. Draw in 66} 1/2-1/2

[Event "Club Championships"]
[Site "Wellington Chess Club"]
[Date "2016.11.24"]
[Round "12"]
[White "Barraza, Jesse"]
[Black "Rossiter, Philip"]
[Result "1/2-1/2"]
[WhiteElo "1957"]
[BlackElo "1897"]

1. e4 b6 2. d4 Bb7 3. Nc3 e6 4. Bd3 Bb4 5. Qg4 Nf6 6. Qxg7 Rg8 7. Qh6 Rg6 8.
Qf4 Rg4 9. Qh6 Nxe4 10. Bxe4 Rxe4+ 11. Ne2 Qh4 12. Qg7 Rg4 13. Qh8+ Ke7 14. Qe5
d6 15. Qb5 Bxc3+ 16. Nxc3 Rxg2 17. Be3 a6 18. Qc4 Nc6 19. O-O-O Rag8 20. Qe2
Qg4 21. Qd2 Qf5 22. d5 Nb4 23. dxe6 fxe6 24. Bxb6 Qxc2+ 25. Qxc2 Nxc2 26. Bxc7
Rxf2 27. Bxd6+ Kf7 28. Rhf1 Rg2 29. Bg3 Rxf1 30. Rxf1+ Kg6 31. Rf2 Rxf2 32.
Bxf2 Nb4 33. Kd2 Nd5 34. Nxd5 Bxd5 35. a3 Kf6 36. Ke3 a5 37. b4 axb4 38. axb4
Ke7 39. Kd4 Kd6 40. Bg3+ Kc6 41. Ke5 Kb5 42. Be1 Kc4 43. Kf6 Kb5 1/2-1/2

[Event "Club Championships"]
[Site "Wellington Chess Club"]
[Date "2016.11.24"]
[Round "12"]
[White "Bennett, Ezra"]
[Black "Asher, Bruce"]
[Result "1-0"]
[WhiteElo "1414"]
[BlackElo "1316"]

1. Nf3 Nc6 2. d3 d6 3. g3 e5 4. e4 Be7 5. Nc3 Nf6 6. Bg5 h6 7. Bxf6 Bxf6 8. Nd5
Be6 9. Nxf6+ Qxf6 10. c3 O-O 11. Bg2 d5 12. O-O a6 13. Re1 b5 14. Rc1 d4 15.
cxd4 Nxd4 16. Nxd4 exd4 17. Rc5 Qe7 18. Qc1 Rac8 19. Rc6 a5 20. a3 a4 21. Qf4
Bd5 22. Rcc1 Be6 23. Bf3 c5 24. e5 Rc7 25. Bh5 g5 26. Qe4 f5 27. exf6 Qxf6 28.
Qxe6+ Kg7 29. Qxf6+ Rxf6 30. Re2 c4 31. Kg2 c3 32. h3 Rfc6 33. bxc3 Rxc3 34.
Rxc3 dxc3 35. Rc2 Kf6 36. Be8 b4 37. Bxa4 bxa3 38. Bb3 Ke5 39. Ra2 Kd4 40. Bc2
h5 41. Rxa3 Rb7 42. Ra4+ Kc5 43. Rc4+ Kd5 44. Rxc3 Kd6 45. Bb3 Rb4 46. Kf3 Rb5
47. Kg2 Rf5 48. d4 g4 49. h4 1-0

[Event "Club Championships"]
[Site "Wellington Chess Club"]
[Date "2016.11.24"]
[Round "12"]
[White "Cunningham, Patrick"]
[Black "Winter, Ryan"]
[Result "1/2-1/2"]
[WhiteElo "1652"]
[BlackElo "1533"]

1. d4 Nf6 2. Nf3 e6 3. e3 c5 4. c3 Nc6 5. Bd3 d5 6. O-O Be7 7. Nbd2 O-O 8. Re1
Kh8 9. e4 dxe4 10. Nxe4 cxd4 11. Nxd4 Nxd4 12. cxd4 Qxd4 13. Be3 Qd8 14. Qe2
Nd5 15. Bd2 Bb4 16. Nc3 b6 17. Rad1 Nxc3 18. bxc3 Bc5 19. Qe4 f5 20. Qxa8 Qxd3
21. Be3 Qxc3 22. Bxc5 Qxc5 23. Rc1 Ba6 24. Qxa7 Qa5 25. Qe7 Rg8 26. Qxe6 Bb7
27. Rc7 Bd5 28. Qe5 Qd2 29. Re7 Be4 30. Qa1 Qg5 31. R7xe4 fxe4 32. Rxe4 Rc8 33.
Re3 Qf6 34. Qe1 h6 35. h3 Qb2 36. Re8+ Rxe8 37. Qxe8+ Kh7 38. Qe4+ Kh8 39. a4
b5 40. Qe8+ Kh7 41. Qxb5 Qc1+ 42. Qf1 Qa3 43. Qd1 Kh8 44. g3 Qc3 45. Qd8+ Kh7
46. Qd7 Qc4 47. Kg2 Qe4+ 48. Kh2 Qc2 49. Qd4 Qa2 50. Kg2 Qe6 51. Qd3+ Kh8 52.
Qe3 Qc6+ 53. Qf3 Qxa4 54. Qf8+ Kh7 55. Qf5+ Kh8 56. Qf8+ 1/2-1/2

[Event "Club Championships"]
[Site "Wellington Chess Club"]
[Date "2016.11.24"]
[Round "12"]
[White "Dive, Russell"]
[Black "Pomeroy, Arthur"]
[Result "1-0"]
[WhiteElo "2440"]
[BlackElo "2134"]

1. Nf3 Nc6 2. d4 d5 3. c4 Bg4 4. cxd5 Bxf3 5. gxf3 Qxd5 6. e3 e5 7. Nc3 Bb4 8.
Bd2 Bxc3 9. bxc3 Nge7 10. c4 Qd6 11. d5 Nb4 12. Qa4+ 1-0

[Event "Club Championships"]
[Site "Wellington Chess Club"]
[Date "2016.11.24"]
[Round "12"]
[White "Ker, Anthony"]
[Black "Timergazi, Layla"]
[Result "1-0"]
[WhiteElo "2461"]
[BlackElo "2105"]

1. e4 c6 2. d4 d5 3. exd5 cxd5 4. c4 Nf6 5. Nc3 e6 6. cxd5 Nxd5 7. Nf3 Bb4 8.
Qc2 Nc6 9. a3 Ba5 10. Bd3 Nxc3 11. bxc3 Nxd4 12. Nxd4 Qxd4 13. O-O Qxc3 14.
Qa4+ Bd7 15. Bb5 O-O 16. Bxd7 Qxa1 17. Qxa5 Qd4 18. Ba4 Rfd8 19. Be3 Qd3 20.
Qb4 a5 21. Qb2 Rac8 22. Bb5 Qf5 23. a4 Rc2 24. Qa3 Qd5 25. Qe7 Rdc8 26. Be8 e5
27. Bb5 R2c7 28. Qh4 h6 29. h3 f5 30. Qh5 g6 31. Qxh6 f4 32. Bb6 Rh7 33. Qg5
Qe6 34. Bxa5 f3 35. Qg4 Qxg4 36. hxg4 Kf7 37. Rd1 Ke6 38. Bb4 Rhc7 39. Rd6+ Kf7
40. g5 Rg8 41. Rf6+ Kg7 42. Re6 1-0

[Event "Club Championships"]
[Site "Wellington Chess Club"]
[Date "2016.11.24"]
[Round "12"]
[White "Konakanchi, Karthik"]
[Black "Konakanchi, Pramodh"]
[Result "1-0"]
[WhiteElo "1484"]
[BlackElo "1191"]

1. e4 e5 2. Nf3 Nc6 3. Bc4 h6 4. Nc3 Nf6 5. O-O Bb4 6. d3 Bxc3 7. bxc3 O-O 8.
Re1 d6 9. d4 exd4 10. cxd4 d5 11. exd5 Nxd5 12. Bb2 Nf6 13. Qe2 Bg4 14. Qd3 Nb4
15. Qb3 Qe7 16. Rxe7 Bxf3 17. Qxb4 Be4 18. Qb3 a5 19. Rxf7 Rxf7 20. Bxf7+ Kh7
21. d5 a4 22. Qxb7 Rf8 23. Qxc7 Nxd5 24. Bxd5 Bxd5 25. Qxg7# 1-0

[Event "Club Championships"]
[Site "Wellington Chess Club"]
[Date "2016.11.24"]
[Round "12"]
[White "Kulkarni, Yogesh"]
[Black "Coghini, Phillip"]
[Result "1/2-1/2"]
[WhiteElo "1986"]
[BlackElo "1872"]

1. c4 g6 2. Nc3 c5 3. g3 Bg7 4. Bg2 Nc6 5. e4 e6 6. Nge2 Nge7 7. f4 d6 8. d3 f5
9. Rb1 O-O 10. O-O Rb8 11. b3 a6 12. Bb2 b5 13. exf5 gxf5 14. Qd2 Nd4 15. Nxd4
Bxd4+ 16. Kh1 Bb7 17. Ne2 Bxg2+ 18. Kxg2 Nc6 19. Bxd4 cxd4 20. Ng1 Qf6 21. Nf3
e5 1/2-1/2

[Event "Club Championships"]
[Site "Wellington Chess Club"]
[Date "2016.11.24"]
[Round "12"]
[White "Sknar, Andrew"]
[Black "Zhao, Jeffrey"]
[Result "1-0"]
[WhiteElo "1184"]
[BlackElo "980"]

1. e4 e5 2. Nf3 Nc6 3. Bc4 Bc5 4. O-O Nf6 5. Nc3 O-O 6. h3 Bb4 7. d3 Bxc3 8.
bxc3 d5 9. Bb5 a6 10. Bxc6 bxc6 11. Qe2 Bb7 12. Nxe5 c5 13. f3 Qe8 14. exd5
Bxd5 15. c4 Bc6 16. Re1 Rd8 17. Qf2 Ba4 18. Ng6 hxg6 19. Rxe8 Nxe8 20. Ba3 Nf6
21. Bxc5 Rfe8 22. Rc1 Rb8 23. Qd2 Re5 24. Bd4 Ree8 25. Qa5 Re7 26. Qxa4 Rbe8
27. Bf2 Ra8 28. Qb4 Ree8 29. Re1 Reb8 30. Qa5 c6 31. Bg3 Rb2 32. Rc1 Rab8 33.
Bxb8 Nd7 34. Qd8+ Kh7 35. Bc7 Nf6 36. Be5 Rxa2 37. Rb1 Rxc2 38. Rb4 Rc3 39. Rb8
Ng8 40. Qxg8+ 1-0

[Event "Club Championships"]
[Site "Wellington Chess Club"]
[Date "2016.11.24"]
[Round "12"]
[White "Wastney, Scott"]
[Black "Nyberg, Michael"]
[Result "1-0"]
[WhiteElo "2448"]
[BlackElo "2085"]

1. e4 c5 2. Nf3 d6 3. d4 cxd4 4. Nxd4 Nf6 5. Nc3 a6 6. a4 Nc6 7. Be2 e6 8. O-O
Be7 9. Be3 O-O 10. f4 Re8 11. Kh1 Bd7 12. Nb3 Nb4 13. Bf3 Bc6 14. Rf2 Rc8 15.
Rd2 Qc7 16. a5 d5 17. e5 Nd7 18. Ne2 Bb5 19. Nbd4 Bxe2 20. Bxe2 Nc6 21. Nxc6
bxc6 22. c3 Nc5 23. Bxc5 Bxc5 24. Qf1 Ra8 25. b4 Be3 26. Rd3 Qa7 27. Qf3 d4 28.
cxd4 Bxd4 29. Rad1 c5 30. bxc5 Bxc5 31. Rd7 Qb8 32. Rb7 Qc8 33. Rdd7 Bf8 34. h3
Qc5 35. Rxf7 Rab8 36. Rfc7 Qxa5 37. Qh5 Rxb7 38. Qf7+ Kh8 39. Qxe8 Rb1+ 40. Kh2
Qb4 41. Rf7 Kg8 42. Bc4 g6 43. Bxe6 1-0

[Event "Club Championships"]
[Site "Wellington Chess Club"]
[Date "2016.11.24"]
[Round "12"]
[White "Wilkins, Mark"]
[Black "Farrington, Lawrence"]
[Result "0-1"]
[WhiteElo "1969"]
[BlackElo "1811"]

1. d4 d5 2. Nf3 Nf6 3. Bg5 e6 4. Nbd2 h6 5. Bxf6 Qxf6 6. e4 c5 7. c3 Nc6 8.
exd5 exd5 9. dxc5 Bxc5 10. Nb3 Qe6+ 11. Be2 Bb6 12. O-O O-O 13. Re1 Rd8 14.
Nbd4 Qf6 15. Qd2 Bg4 16. Rad1 Bh5 17. Nb3 Bg6 18. Nfd4 Re8 19. Bf3 Be4 20. Re3
Re7 21. Qc1 Rae8 22. h3 Qg6 23. c4 dxc4 24. Qxc4 Bxf3 25. Rxf3 Ne5 26. Qc3
Nxf3+ 27. Nxf3 Rc7 28. Qd3 Qxd3 29. Rxd3 Re2 30. Rd2 Rxd2 31. Nfxd2 Rc2 32. Kf1
Rxb2 0-1

[Event "Summer Cup"]
[Site "Wellington Chess Club"]
[Date "2017.01.26"]
[Round "1"]
[White "Aldridge, Alan"]
[Black "Tagos, Bernardo"]
[Result "1-0"]
[WhiteElo "1956"]
[BlackElo "1433"]

1. e4 c5 2. Nf3 Nc6 3. Bb5 Qb6 4. Nc3 a6 5. Ba4 e6 6. O-O Be7 7. Re1 d6 8. d4
Bd7 9. dxc5 dxc5 10. Qd3 Bf6 11. e5 Be7 12. Be3 Qc7 13. Bxc6 Bxc6 14. Bf4 Rd8
15. Qe2 Bxf3 16. Qxf3 h6 17. Rad1 Bg5 18. Bxg5 hxg5 19. Rxd8+ Kxd8 20. Qg3 Qe7
21. Ne4 f6 22. exf6 Qc7 23. Qxc7+ Kxc7 24. fxg7 Rh7 25. Nxg5 Rh6 26. Nxe6+ Kd6
27. Nd8 b6 28. Nf7+ 1-0

[Event "Summer Cup"]
[Site "Wellington Chess Club"]
[Date "2017.01.26"]
[Round "1"]
[White "Asher, Bruce"]
[Black "Brockway, Andrew"]
[Result "0-1"]
[WhiteElo "1275"]
[BlackElo "1826"]

1. e4 c5 2. Nf3 g6 3. Bc4 Nc6 4. Nc3 Bg7 5. b3 e6 6. O-O Nge7 7. Rb1 O-O 8. Bb2
d5 9. exd5 exd5 10. Bb5 a6 11. Bd3 b5 12. a4 d4 13. Ne4 Qb6 14. axb5 axb5 15.
Qe2 Nd5 16. Bxb5 Nf4 17. Qc4 Ne6 18. Nd6 Na5 19. Qd5 Nc7 20. Qe4 Qxd6 21. Rfe1
Bb7 22. Qe2 Bc6 23. Bxc6 Nxc6 24. Qe4 Ne6 25. Ra1 Rxa1 26. Bxa1 Nb4 27. c3 dxc3
28. dxc3 Nc6 29. h3 Ne7 30. c4 Bxa1 31. Rxa1 Rb8 32. Rb1 Qc6 33. Qh4 Nf5 34.
Ne5 Qxg2+ 35. Kxg2 Nxh4+ 36. Kh2 Nf5 37. Nd7 Rb7 38. Nf6+ Kg7 39. Ne8+ Kh6 40.
Nf6 Nfd4 41. Ng4+ Kg7 42. Ne5 Rxb3 43. Rxb3 Nxb3 44. Nd3 Nd2 45. Nb2 Kf6 46.
Kg3 Kf5 47. f3 Nd4 48. h4 N2xf3 49. Na4 Ne5 50. Nxc5 Nxc4 51. Nd7 h5 52. Nf8
Ne2+ 53. Kf2 Nf4 54. Nh7 f6 55. Kf3 Ne5+ 56. Kg3 Ng4 57. Kf3 Ne6 58. Kg3 Ke4
59. Kh3 f5 60. Ng5+ Nxg5+ 61. hxg5 Kf3 62. Kh4 Kf4 63. Kh3 Kxg5 64. Kg3 f4+ 65.
Kf3 Kf5 66. Kg2 Ke4 67. Kh3 0-1